• 首页
  • 本馆介绍
  • 公告通知
  • 最新文献
  • 馆藏检索
  • 电子资源
  • 读者导购
  • 参考咨询
  • 我的图书馆
  • 登录
  • 详细信息显示
  • 放入我的书架
  • 预约/预借图书
  • 作者相关作品
  • 分类相关作品
  • 丛书相关作品
  • 出版社相关作品

书目信息

  • 表格格式
  • 工作单格式
  • 卡片格式
题名:
十年农历
    
 
作者: 本书组编
分册:  
出版信息: 海口   三环出版社  1990.07
页数: 140页
开本: 19cm
丛书名:
单 册:
中图分类: S1
科图分类:
主题词: 农业科学--基础理论
电子资源:
ISBN: 7-80564-261-3
000 00533nam0 2200193 450
001 0757083264
005 20071122155354.12
010    @a7-80564-261-3@dCNY2.50
100    @a20071122d1990 km y0chiy0120 ea
101 0  @achi
102    @aCN@b460000
200 1  @a十年农历@Ashi nian nong li@e1991-2000年@f本书组编@Fben shu zu bian
210    @a海口@c三环出版社@d1990.07
215    @a140页@d19cm
517 1  @a1991-2000年@A1991-2000 nian
606 0  @a农业科学@x基础理论
690    @aS1@v4
801  0 @aCN@bPFT@c20071122
905    @aBZT@dS1@e1
    
    十年农历:1991-2000年/本书组编.-海口:三环出版社,1990.07
    140页;19cm
    
    
    ISBN 7-80564-261-3:CNY2.50
    
●
相关链接 在五车中查询图书 在当当中查询图书 在豆瓣中查询图书


正题名:十年农历     索取号:S1/1         预约/预借

序号 登录号 条形码 馆藏地/架位号 状态 备注
1 002788   200857992   中心书库中库/ 中库033架B面1列5层28/ [索取号:S1/1] 在馆    
山东省滨州职业学院图书馆 欢迎您!
大连网信软件有限公司© 版权所有